000 01114nam0a2200301 4500
001 RU\NLR\BIBL_A\012159179
005 20191223093803.0
010 _a978-5-9676-1032-5
_9500
021 _aRU
_bКН-П-19-085098
_9КН-П-19-6191
035 _a(NLR Aleph) 012159179
035 _a(RuMoRGB)010151746
090 _a12181801
_c12181801
100 _a20191209d2019 u y0rusy50 ca
101 0 _arus
102 _aRU
105 _ay|||z|||000zy
200 1 _aВолшебная книга
_eпьесы для детей и юношества
_fИгорь Мощицкий
210 _aСанкт-Петербург
_cСоюз писателей Санкт-Петербурга
_cПетрополис
_d2019
215 _a371 с.
_d21
327 1 _aСодерж.: разд.: Мои пьесы-сказки; Мои пьесы для юношества
686 0 _aШ9(2)62=Р7-6
700 1 _aМощицкий
_bИ. И.
_gИгорь Иосифович
942 _cBOOK
980 _aNBR
980 _aNB